000 00645nam a22002297a 4500
001 77197
003 UA-OsUOA
005 20230915152256.0
007 ta
008 20110902b un ||||| |||| 00| 0 ukr d
040 _aUA-OsUOA
_brus
_cUA-OsUOA
_dUA-OsUOA
041 _arus
080 _a(038)811.161.1
090 _a(038)811.161.1
_bТ52
245 _aТолковый словарь русского языка
_cБ. М. Волин, Д. Н. Ушаков
260 _aМ.
_c1939
300 _a1424 с.
505 _gТ. 3
650 7 _2UDC
_a81 Лінгвістика. Мовознавство. Мови
942 _cBK
_2udc
955 _a7
999 _c363504
_d363504